000 00791nam a22002417a 4500
003 OSt
005 20210818181823.0
008 171120q2012 sp gr 000 f spa d
020 _a9788444148267
040 _bspa
041 _aspa
_heng
082 0 4 _a813.5
_bO999p
100 1 _951413
_aO`Brien, Caragh M.
245 1 0 _aPreciada
_cCaragh M. O`Brien traducción Alberto Jiménez Rioja, Nuria Jiménez Rioja
260 _aLeón
_bEverest
_c2012
300 _a494 páginas
490 _vMarca de nacimiento
650 0 _950818
_aLiteratura Norteamericana
650 0 _924794
_aNovela de Ciencia Ficción
700 _948893
_aJiménez Rioja, Alberto
_etraductor
700 _949253
_aJimenez Rioja, Nuria
_etraductora
942 _2ddc
_h813.5 O999p
_k813.5
_mO999p
999 _c12704
_d12704